Statistics for Top 20 Words Starting With V

Click here to take the quiz!

General Stats

  • This quiz has been taken 609 times
  • The average score is 7 of 20

Answer Stats

rankletterword% Correct
14very
75%
184vast
62%
74vote
51%
194vary
49%
24view
43%
35voice
41%
137victory
38%
115video
35%
45value
34%
176valley
33%
107various
32%
55visit
29%
126volume
28%
87variety
27%
67village
26%
207visitor
16%
158violence
15%
97version
13%
166victim
13%
147vehicle
11%

Score Distribution

Percentile by Number Answered

Percent of People with Each Score

Your Score History

You have not taken this quiz